banner koha

Produto em ordem (Registro n. 75745)

MARC details
000 -LÍDER
campo de controle de tamanho fixo 01202nam a22004097a 4500
001 - NÚMERO DE CONTROLE
campo de controle BR2011000344
003 - IDENTIFICADOR DO NÚMERO DE CONTROLE
campo de controle BR-BrBNA
005 - DATA E HORÁRIO DA ÚLTIMA TRANSAÇÃO
campo de controle 20230928103607.0
007 - CAMPO FIXO DE DESCRIÇÃO FÍSICA--INFORMAÇÃO GERAL
campo de controle de tamanho fixo ta
008 - CAMPO DE DADOS FIXOS--INFORMAÇÃO GERAL
campo de controle de tamanho fixo 230509b bl.||||| |||| 00| 0 por d
040 ## - FONTE DA CATALOGAÇÃO
Instituição da catalogação original BR-BrBNA
Idioma da catalogação por
Instituição que transcreveu o registro Biblioteca Nacional de Agricultura
041 ## - CÓDIGO DE IDIOMA
Código do idioma do texto/trilha sonora ou título diferente (Por)
072 ## - CÓDIGO DE CATEGORIA DE ASSUNTO
Código de Categoria de Assunto D50
090 ## - NÚMERO DE CHAMADA LOCAL
-- D50 BR2011000344
100 1# - ENTRADA PRINCIPAL--NOME PESSOAL
Nome pessoal Gutierrez, A. de S.D.
100 1# - ENTRADA PRINCIPAL--NOME PESSOAL
Nome pessoal Borges Filho, B.
100 1# - ENTRADA PRINCIPAL--NOME PESSOAL
Nome pessoal Fanale, C.I.
100 1# - ENTRADA PRINCIPAL--NOME PESSOAL
Nome pessoal Almeida, G.V.B. de
100 1# - ENTRADA PRINCIPAL--NOME PESSOAL
Nome pessoal Watanabe, H.S.
100 1# - ENTRADA PRINCIPAL--NOME PESSOAL
Nome pessoal Rocha, I.L.
100 1# - ENTRADA PRINCIPAL--NOME PESSOAL
Nome pessoal Barreiros, LM.
100 1# - ENTRADA PRINCIPAL--NOME PESSOAL
Nome pessoal Santana, M.A.M. de
100 1# - ENTRADA PRINCIPAL--NOME PESSOAL
Nome pessoal Gorenstein, O.
100 1# - ENTRADA PRINCIPAL--NOME PESSOAL
Nome pessoal Ferrari, P.R.
110 1# - ENTRADA PRINCIPAL--NOME CORPORATIVO
Nome corporativo ou nome da jurisdição Companhia de Entrepostos e Armazéns Gerais de São Paulo, São Paulo (Brasil). Centro de Qualidade em Horticultura
9 (RLIN) 2394
245 1# - TÍTULO
Título Produto em ordem
Restante do título Circular Técnica CEAGESP- CQH, n. 13
260 3# - PUBLICAÇÃO, DISTRIBUIÇÃO, ETC.
Local de publicação, distribuição, etc. São Paulo, SP (Brasil):
Data da publicação, distribuição, etc. 2006.
300 ## - DESCRIÇÃO FÍSICA
Extensão 19 p.
650 ## - ASSUNTO--TERMO TÓPICO
Cabeçalho tópico ou nome geográfico ROTULAGEM
650 ## - ASSUNTO--TERMO TÓPICO
Cabeçalho tópico ou nome geográfico MICROBIOLOGIA DE ALIMENTO
650 ## - ASSUNTO--TERMO TÓPICO
Cabeçalho tópico ou nome geográfico EMBALAGEM
650 ## - ASSUNTO--TERMO TÓPICO
Cabeçalho tópico ou nome geográfico RESÍDUO QUÍMICO
650 ## - ASSUNTO--TERMO TÓPICO
Cabeçalho tópico ou nome geográfico HIGIENE DE ALIMENTO
650 ## - ASSUNTO--TERMO TÓPICO
Cabeçalho tópico ou nome geográfico MÁQUINA AGRÍCOLA
909 ## -
-- 202309
-- Lucia
-- 55
-- Lucia Elande
942 ## - ELEMENTOS DE ENTRADA ADICIONADOS (KOHA)
Tipo de material Koha Livros
Exemplares
Situação do descarte Fonte da classificação ou esquema de arquivamento na estante Situação física Não pode ser emprestado Coleção Biblioteca de origem Biblioteca atual Total de empréstimos Número de telefone completo Código de barras Data de último acesso Número do exemplar Tipo de material Koha Situação das perdas Data de aquisição Fonte de aquisição
  Classificação AGRIS       Biblioteca Nacional de Agricultura - Binagri Biblioteca Nacional de Agricultura - Binagri   D50 BR2011000344 D50 BR2011000344 25/09/2023 01 Livros   2023-09-25 Portaria Interministerial nº 164/94

BINAGRI

Telefone: (61)3218-2567/2388/3357/2097 - binagri@agro.gov.br

Ministério da Agricultura e Pecuária , Esplanada dos Ministérios, Bloco D, Anexo B, Brasília/DF, CEP: 70.043-900